Raising standardized achievement test scores and the origins of test score pollution (Record no. 75602)

MARC details
000 -CABECERA
campo de control de longitud fija 00769nam a2200265 a 4500
005 - FECHA Y HORA DE LA ÚLTIMA TRANSACCIÓN
campo de control 20210219153402.0
008 - ELEMENTOS DE LONGITUD FIJA--INFORMACIÓN GENERAL
campo de control de longitud fija 991125n 000 0 eng u
035 ## - NÚMERO DE CONTROL DEL SISTEMA
Número de control de sistema UPN01000095683
100 ## - ASIENTO PRINCIPAL--NOMBRE PERSONAL
Nombre de persona Haladyna, Thomas M.
222 ## - TÍTULO CLAVE
Título clave EDUCATIONAL RESEARCHER
245 ## - MENCIÓN DE TÍTULO
Título Raising standardized achievement test scores and the origins of test score pollution
300 ## - DESCRIPCIÓN FÍSICA
Extensión 2-7
362 ## - FECHAS DE PUBLICACIÓN Y/O DESIGNACIÓN SECUENCIAL
Fecha de publicación y/o designación secuencial 1991 20, No. 5
505 ## - NOTA DE CONTENIDO CON FORMATO PREESTABLECIDO
Nota de contenido con formato Enero 1992
653 0# - TERMINO DE INDIZACION - NO CONTROLADO
Término no controlado ETICA
653 0# - TERMINO DE INDIZACION - NO CONTROLADO
Término no controlado INTERPRETACION DE PRUEBAS
653 0# - TERMINO DE INDIZACION - NO CONTROLADO
Término no controlado INVESTIGACION DE LA EVALUACION
653 0# - TERMINO DE INDIZACION - NO CONTROLADO
Término no controlado PRUEBAS DE ENSE\197ANZA
653 0# - TERMINO DE INDIZACION - NO CONTROLADO
Término no controlado PRUEBAS DE VALIDACION
653 0# - TERMINO DE INDIZACION - NO CONTROLADO
Término no controlado PRUEBAS ESTANDARIZADAS
700 ## - ASIENTO SECUNDARIO--NOMBRE DE PERSONAL
Nombre de persona Nolan, Susan Bobbit
700 ## - ASIENTO SECUNDARIO--NOMBRE DE PERSONAL
Nombre de persona Hass, Nancy S.
904 ## - ELEMENTOS DE DATOS D LOCAL, LDD (RLIN)
a AC
b 033494
905 ## - TIPO DE MATERIAL
Tipo de material Articulo

No items available.